Culture Générale - Série 706 - Statistiques

Statistiques générales
  • Ce quiz a été pris 152 fois
  • Le résultat moyen est 7 sur 10
Statistiques - réponses
Question Réponse % Correct
Quel accessoire de mode passant sur les épaules, peut-on utiliser pour retenir son pantalon ? bretelles
100%
Selon l'expression populaire, quand tout est perdu, de quels légumes dit-on que c'est la fin ? haricots
100%
Quel légume peut-être petit, gourmand, cassé ou même chiche ? pois
100%
De quel animal proviennent le rosbif et le tournedos ? boeuf
98%
Au XVIIe siècle, quelle ville de Haute-Garonne fut reliée à l'étang de Thau par le canal du Midi ? Toulouse
67%
Complétez le titre du film réalisé en 1961 par J. Lee Thompson " Les canons de ... Navarone
57%
Quel artiste, de son vrai nom Claude Dhotel, chantait "Et tu danses avec lui" ? C. Jérôme
46%
Sous quel nom est plus connu le poète chilien, Neftalí Ricardo Reyes Basoalto, prix Nobel de littérature en 1971 ? Pablo Neruda
45%
Dans quel département de la Région Centre se trouvent les villes de Nogent-le-Rotrou et de Dreux ? Eure-et-Loir
42%
Dans l'album de bandes dessinées “Le Groupe W”, paru en 1977, de quel héros découvrons-nous le passé ? Largo Winch
25%
Aucun quiz correspondant
Distribution des résultats
% des personnes avec chaque résultat
Percentile par nombre de réponses
Votre historique - résultats
Vous n’avez pas pris ce quiz